000 00678nam a2200229 a 4500
001 56205
003 BD-RJUL
005 20211209080351.0
008 161127s1953 enka 001 0 eng d
035 _a(BD-RjUL)56329
040 _aBD-RjUL
_beng
_cBD-RjUL
_dBD-RjUL
041 _aeng
082 _223
_a912
_bGAG 1953
100 1 _aGarnett, Alice,
_d1903-
_9167267
245 1 4 _aThe geographical interpretation of topographical maps /
_cAlice Garnett.
250 _a3rd rev. ed.
260 _aLondon :
_bGEORGE G. HARRAP & CO. LTD.,
_c1953.
300 _a309 p. :
_bill. ;
_c19 cm.
500 _aIncludes index.
650 0 _aTopographic maps.
_vMaps
_9167268
942 _2ddc
_cBK
999 _c56205
_d56205